Funkčný význam ochrannej zbroje v stredoveku

Bibliographic Details
Main Author: Huťka, Miroslav, 1973- (Author)
Format: Article
Language:Slovak
PhysicalDescription:Obr.
ISBN:8080841447
Subjects:

MARC

LEADER 00000naa a2200000 a 4500
001 vtls008998806
003 SK-MaSNL
005 20260302145206.0
008 150305e2007 xo a ||ab |||| ||slo
015 |a SNBRA2007/06  |2 snkbucl 
038 |a SNKBUCL 
040 |a SNKBUCL  |b slo  |c SNKBUCL  |e AACR2 
041 0 |a slo 
044 |a xo  |c SK 
080 |a 904:623.445.1  |2 1997 
080 |a 623.445.1  |x "04/15"  |2 1997 
080 |a 739.7  |x "04/15"  |2 1997 
100 1 |a Huťka, Miroslav,  |d 1973-  |4 aut  |9 252176 
245 1 0 |a Funkčný význam ochrannej zbroje v stredoveku  |c Miroslav Huťka 
300 |b Obr. 
500 |a ISBN uvedené na zborníku: 978-80-8084-144-7 
500 |a Poznámky pod čiarou 
504 |a Bibliogr. odkazy 
546 |a Res. angl. 
648 7 |a 5.-16. stor.  |2 snkbucl  |9 836942 
650 0 7 |a ochranná zbroj  |x funkčný význam  |2 snkbucl  |9 836943 
650 0 7 |a stredovek  |2 snkbucl  |9 4259 
650 0 7 |a terminológia  |2 snkbucl  |9 3617 
655 7 |a štúdie  |2 snkbucl  |9 57033 
773 0 |t Ružomberský historický zborník I  |d Ružomberok : Katolícka univerzita, 2007  |g S. 121-138  |z 8080841447 
852 |a SNK  |b KIS3GCP 
999 |c 1353045  |d 1354975